000 00568nam a2200181 i 4500
001 63610
003 ES-MaACL
005 20250919110343.0
007 t|
008 031212s1966 sp ||||1| spa d
100 1 _aFesquet, Henri.
_950622
245 1 0 _aRoma después del Concilio
_b: (tres cuestiones pendientes) /
_cHenri Fesquet ; versión castellana de Juan Estruch.
260 _aBarcelona :
_bNova Terra,
_c[1966]
300 _a93 p. ;
_c18 cm.
700 1 _aEstruch, Joan,
_d1943-
_948256
852 _aES-MaACL
_jC-29493
_bR.59667
999 _c63610
_d63610